| 000 | 00663nam a22001937a 4500 | ||
|---|---|---|---|
| 999 |
_c62313 _d62313 |
||
| 005 | 20240924145309.0 | ||
| 008 | 240924s2021 enk||||| |||| 00| 0 eng d | ||
| 020 | _a9780323636711x | ||
| 041 | _aeng | ||
| 080 | _a616.36 H-11 | ||
| 100 |
_aHadzic, Nedim _923271 |
||
| 245 |
_aPediatric Liver Transplantation: _bA Clinical Guide / _cNedim Hadzic, Ulrich Baumann. |
||
| 264 |
_aPhiladelphia : _bElsevier, _c2021. |
||
| 300 |
_a489 p.: _bill.; _c28 cm. |
||
| 653 | _aღვიძლის ტრანსპლანტაცია | ||
| 653 | _aმედიცინა | ||
| 700 |
_aBaumann, Ulrich _eავტორი _923272 |
||
| 942 |
_2udc _cᲬᲘᲒᲜᲘ |
||